000 01117nam a2200301Ia 4500
001 Para_9371
003 CHAP
008 220125s2007 xx 000 0 und d
010 _a208068
040 _cCHAP
090 _aTESIS 2113
100 _aRomero Castañeda, Jonathan Edgar
_999535
245 _aControl químico in vitro de la mancha bacteriana (Xanthomonas campestris pv. vesicatoria) en el cultivo de jitomate (Lycopersicon esculentum) en Texcoco, Estado de México /
_c por Jonathan Edgar Romero Castañeda
260 _aChapingo, Méx. :
_b el autor
300 _a65 h.
502 _aTesis (Ing. Agr. Esp. en Parasitología Agrícola) -- UACh. Departamento Parasitología Agrícola
650 _aBacterias fitopatógenas
_99326
650 _aTomate
_x enfermedades por bacterias
_9113712
650 _aXanthomonas campestris
_9122885
710 _aUACh. Departamento Parasitología Agrícola
_9164025
901 _aTESIS 2113
902 _aM
905 _a0000002007 an 0000000000 00
910 _a2007
942 _cPARA
942 _cPARA
_d2
999 _c208068
_d208068